000 04196cam a2200325 4500500
005 20260517000347.0
041 _afre
042 _adc
100 1 0 _aAhanhanzo, Yolaine Glèlè
_eauthor
700 1 0 _aSaizonou, Jacques
_eauthor
700 1 0 _aWodon, Alain
_eauthor
700 1 0 _aDujardin, Bruno
_eauthor
700 1 0 _aWilmet-Dramaix, Michèle
_eauthor
700 1 0 _aMakoutodé, Michel
_eauthor
245 0 0 _aImplication des agents de santé dans la conception des outils de collecte de données au Bénin
260 _c2015.
500 _a32
520 _aIntroduction : L’insuffisance de qualité des données issues des Systèmes d’Informations sanitaires constitue un problème pour la planification dans le système de santé. La faible implication des agents de santé qui sont en première ligne pour la collecte des données dans la mise en place du système de collecte y contribue. Cette étude documente une expérience de conception des outils de collecte du Système d’Information sanitaire par les agents de santé et évalue l’effet de cette expérience sur la qualité des données. Méthodes : L’étude a impliqué 80 agents de santé responsables des statistiques dans les centres de santé publics. Les deux outils utilisés pour la collecte de données au dispensaire ont fait l’objet de modifications. Avant et après utilisation des nouveaux outils, les indicateurs de suivi, durée de remplissage, pourcentage d’exhaustivité et qualité des données ont été évalués. Les comparaisons sont faites avec le test de Wilcoxon pour données appariées et avec le test de Chi2 de Mc Nemar. Résultats : Entre les deux évaluations, la durée de remplissage est passée de 28,7 à 22,5 secondes par cas notifié (p = 0,153), l’exhaustivité des rapports a augmenté de 16 % à 89 % (p < 0,001) et la proportion de rapports avec une qualité suffisante des données est passée de 18,8 % à 45,8 % (p = 0,002). Conclusion : L’évolution des indicateurs montre qu’une plus grande implication des utilisateurs dans les étapes-clés comme la conception des outils de collecte peut contribuer à l’amélioration de la qualité des données.
520 _aHealth workers’ involvement for data quality improvement in Benin Objective : In developing countries, the poor quality of data derived from Health Information Systems constitutes a problem that limits use of these data and contributes to the recurrent difficulties of health system management. The low level of involvement of health workers directly responsible for data may contribute to this poor quality. This study documents a Health Information System collection tool design experience by health workers and assesses its effect on data quality. Methods : Eighty health workers responsible for clinical statistics in public health centres participated in this study. The two tools used for clinical data collection were modified by a group of 6 volunteer health workers. Monitoring indicators, data entry time, percentage exhaustiveness and quality of data were assessed before and after using the new tools. Data were compared by Wilcoxon’s test for paired data and Mc Nemar’s chi-square test. Results : Between the two assessments, the data entry time increased from 28.7 to 22.5 seconds by reported case (p = 0.153), the exhaustiveness of the reports increased from 16% to 89% (p < 0.001) and the proportion of reports with sufficient data quality increased from 18.8% to 45.8% (p = 0.002). Conclusion : The positive course of the indicators shows that increased involvement of health workers in key stages such as the design of data collection tools can help improve data quality.
690 _aamélioration de la qualité
690 _aBénin
690 _acollecte de données
690 _asystèmes d’information sur la santé
690 _aBenin
690 _adata collection
690 _ahealth information systems
690 _aquality improvement
786 0 _nSanté Publique | 27 | 2 | 2015-06-02 | p. 241-248 | 0995-3914
856 4 1 _uhttps://stm.cairn.info/revue-sante-publique-2015-2-page-241?lang=fr&redirect-ssocas=7080
999 _c2231616
_d2231616